Tilastot visalle Maailman valtiot vuonna 1945 kartalla

Klikkaa tästä pelataksesi tätä visaa!

Yleistilastot

  • Tätä visaa on pelattu 861 kertaa
    (699 viimeisimmän päivityksen jälkeen)
  • Keskiarvotulos 60 / 74

Vastaukset kartalla

Vastauksille on annettu kartalla punavihreä väri sen mukaan, kuinka moni on saanut sen oikein.
Ladataan ...
 

Vastaustilastot

Country% Oikein
Ruotsi
98%
Kanada
98%
Suomi
98%
Yhdysvallat
98%
Norja
97%
Ranska
97%
Neuvostoliitto
96%
Espanja
96%
Kiina
96%
Tanska
96%
Puola
95%
Meksiko
95%
Yhdistynyt Kuningaskunta
95%
Portugali
94%
Brasilia
94%
Italia
94%
Islanti
94%
Japani
93%
Irlanti
93%
Australia
93%
Egypti
92%
Chile
92%
Argentiina
92%
Turkki
91%
Mongolia
91%
Etelä-Afrikka
91%
Belgia
90%
Kreikka
90%
Saudi-Arabia
90%
Alankomaat
90%
Sveitsi
89%
Iran
89%
Romania
89%
Kuuba
88%
Peru
88%
Indonesia
87%
Irak
87%
Uusi-Seelanti
86%
Unkari
85%
Kolumbia
84%
Thaimaa
83%
Uruguay
83%
Bolivia
82%
Tšekkoslovakia
81%
Venezuela
81%
Paraguay
81%
Bulgaria
81%
Nepal
80%
Vietnam
80%
Albania
79%
Panama
79%
Ecuador
78%
Jugoslavia
78%
Syyria
76%
Haiti
76%
Afganistan
73%
Etiopia
73%
Honduras
72%
Costa Rica
69%
Jemen
67%
Nicaragua
67%
Guatemala
66%
Luxemburg
66%
Dominikaaninen tasavalta
65%
El Salvador
64%
Vatikaanivaltio
61%
Andorra
59%
San Marino
58%
Liberia
56%
Liechtenstein
55%
Monaco
54%
Libanon
46%
Tiibet
43%
Itä-Turkestan
10%

Tulosjakauma

Persentiili vastausten määrän mukaan

Jokaisen tuloksen saaneiden osuus

Tuloshistoriasi

Et ole pelannut tätä visaa sen viimeisimmän päivityksen jälkeen